000 01206nam a2200241Ia 4500
999 _c53380
_d53380
001 20423
003 GE_BSU
005 20201202214128.0
008 181216s1900||||ge |||||||||||||| ||geo||
040 _cGE_BSU
041 _ageo
080 _a811.353.1-8(075.3) გ-59
100 _aგოგებაშვილი, იაკობ (1840-1912)
_99815
245 _aდედა ენა ანუ ანბანი და პირველი საკითხავი წიგნი სკოლებში სახმარებელი /
_cიაკობ გოგებაშვილი.
250 _aმე-15 გამოცემა
264 _aთბილისი :
_bწერა-კითხვის საზოგადოების" გამოცემა,
_c1900.
300 _a235 გვ. :
_b ილ. ;
_c20 სმ.
541 _h4 ლ.
653 _aდედა ენა ანუ ანბანი და პირველი საკითხავი წიგნი სკოლებში სახმარებელი
653 _aქართული ანბანი
653 _aქართული ენა
942 _cBK
_2udc